High performance Rowing
Na minha lista:
| Autor principal: | |
|---|---|
| Formato: | Livro |
| Idioma: | inglês |
| Publicado em: |
Marlborough
The Crowood Press
1997
|
| Edição: | 1a. ed |
| Assuntos: | |
| Tags: |
Adicionar Tag
Sem tags, seja o primeiro a adicionar uma tag!
|
MARC
| LEADER | 00000nam a2200000 a 4500 | ||
|---|---|---|---|
| 001 | UCH9184 | ||
| 003 | CL-VaPUC | ||
| 008 | 091224e19970000uk |||||||||||||||||eng|d | ||
| 020 | |a 9781861260390 | ||
| 082 | 0 | 4 | |a 797.123 |b MCA |2 21 |
| 100 | |a McArthur, John |e autor |9 546143 | ||
| 245 | 1 | 0 | |a High performance Rowing |
| 250 | |a 1a. ed | ||
| 300 | |a 156 p | ||
| 942 | |c BK | ||
| 945 | |d 20091224 00:00:00 |a cmena | ||
| 260 | |a Marlborough |b The Crowood Press |c 1997 | ||
| 650 | 7 | |a REMO |2 CL-VaPUC |9 537214 | |
| 650 | 7 | |a DEPORTES ACUATICOS |2 CL-VaPUC |9 262007 | |
| 650 | 0 | |a Atletas |9 311809 | |
| 650 | 0 | |a Planificación estratégica |9 259735 | |
| 650 | 7 | |a ENTRENAMIENTO ATLETICO |2 CL-VaPUC |9 546144 | |
| 583 | |a last modification |c 20171218 02:13:23 |k Rodrigo Vera | ||
| 999 | |c 339245 |d 339243 | ||
| 952 | |0 0 |1 0 |4 0 |6 797_123000000000000_MCA_1997 |7 0 |8 C |9 432776 |a BIBCUR |b BIBCUR |d 2019-11-22 |i 4582012 |l 1 |o 797.123 MCA 1997 |p 4582012 |r 2025-04-22 |s 2023-10-03 |w 2019-11-22 |y BK |k DEN | ||